000 00751nam a22001937a 4500
003 OSt
005 20240529143520.0
008 240529b ||||| |||| 00| 0 eng d
040 _cAIMIT LIBRARY
100 _aRasal, Muhammed.
_e2016086
_9168412
245 _aEmployee perception on performance appraisal system at veegaland developers pvt ltd /
_cBy Muhammed Rasal ;Guided by Rowena Wright.
260 _aKerala ;
_c2022.
650 _aIndustry profile
_9168413
650 _aIdentification of variables under study
_9168414
650 _aStatistical tools and techniques for analysis
_9168415
700 _aWright, Rowena.
_eGuide
_9168416
856 _3Veegaland Developers Private Limited.
_umail@veegland.in
_ymail@veegland.in
942 _2ddc
_cPRO
999 _c230957
_d230957